| 000 | 00688nam a2200181 4500 | ||
|---|---|---|---|
| 001 | 140470 | ||
| 003 | ES-MaACL | ||
| 005 | 20250811072555.0 | ||
| 007 | t| | ||
| 008 | 070214n19561959sp r ||||1| spa d | ||
| 110 | 2 |
_aEspaña. _tLeyes, etc. _9184149 |
|
| 245 | 1 | 0 |
_aSeguros de accidentes del trabajo _b: texto refundido de la Ley de Seguros de Accidentes del Trabajo ; y Reglamento de aplicacion del texto refundido de la legislacion : (Decretos del 22 de junio de 1956). |
| 260 |
_aValladolid : _bGerper, _c[195_?] |
||
| 300 |
_a109 p. ; _c23 cm. |
||
| 710 | 1 |
_aEspaña. _bMinisterio de Trabajo _93924 |
|
| 852 |
_aES-MaACL _j1985-F-18 _bR.39317 |
||
| 999 |
_c140470 _d140470 |
||